[Event "Samara Polugaevsky Memorial 9th"]
[Site "Samara"]
[Date "2019.07.10"]
[Round "1"]
[White "Goganov, Aleksey"]
[Black "Boyko, Igor K"]
[Result "1-0"]
[WhiteElo "2561"]
[BlackElo "1959"]
[PlyCount "81"]
[EventDate "2019.07.10"]
[EventType "swiss"]
[EventRounds "9"]
[EventCountry "RUS"]
[SourceTitle "EXT 2020"]
[Source "ChessBase"]
[SourceDate "2019.10.17"]
[SourceVersion "1"]
[SourceVersionDate "2019.10.17"]
[SourceQuality "1"]

1. d4 Nf6 2. c4 e6 3. Nf3 Bb4+ 4. Bd2 Qe7 5. g3 Nc6 6. Nc3 Bxc3 7. Bxc3 Ne4 8. Rc1 0-0 9. Bg2 d6 10. d5 Nd8 11. Bb4 a5 12. Ba3 e5 13. Nd2 Nxd2 14. Qxd2 f5 15. c5 Nf7 16. 0-0 Bd7 17. Qe3 Bb5 18. Rc2 e4 19. cxd6 cxd6 20. Rfc1 Qe5 21. Qd2 Nh6 22. b3 f4 23. gxf4 Rxf4 24. Rc8+ Rxc8 25. Rxc8+ Rf8 26. Rxf8+ Kxf8 27. Bb2 e3 28. fxe3 Qg5 29. Bc1 b6 30. Qd4 Nf5 31. Qxb6 Bxe2 32. Qb8+ Kf7 33. Qc7+ Kg6 34. e4 Ne3 35. Qxd6+ Kh5 36. Qg3 Qxg3 37. hxg3 Nxg2 38. Kxg2 Kg4 39. Kf2 Bb5 40. a4 Be8 41. Bd2 1-0